Actors in a Marvel Movie #2 - Sudden Death - Statistics

General Stats
  • This quiz has been taken 160 times
    142 since last reset
  • The average score is 9 of 15
Answers on the Grid
Answers color-coded by a green-red scale on the quiz's grid according to % correct below.
Angelina Jolie
Omar Sy
Tobey Maguire
Michael B. Jordan
Lewis Pullman
David Harbour
Paul Rudd
Tom Holland
Zendaya
Benedict Cumberbatch
Vin Diesel
Natalie Portman
Stan Lee
Jude Law
Martin Freeman
Meryl Streep
Robert de Niro
Al Pacino
Clint Eastwood
Anne Hathaway
Denzel Washington
Adam Driver
Timothée Chalamet
Keanu Reeves
Daniel Radcliffe
Hugh Grant
Bryan Cranston
Michael J. Fox
Michael Jordan
Snoop Dogg
 
Answer Stats
Answer % Correct
Zendaya
79%
Paul Rudd
76%
Tom Holland
74%
Benedict Cumberbatch
67%
Natalie Portman
67%
Stan Lee
67%
Tobey Maguire
65%
Michael B. Jordan
64%
Vin Diesel
58%
David Harbour
56%
Angelina Jolie
51%
Lewis Pullman
50%
Martin Freeman
38%
Jude Law
36%
Omar Sy
28%
No matching quizzes found
Score Distribution
Percent of People with Each Score
Percentile by Number Answered
Your Score History
You have not taken this quiz since the last reset